| 000 | 01311nam a2200241Ia 4500 | ||
|---|---|---|---|
| 003 | Ost | ||
| 005 | 20260507075601.0 | ||
| 008 | 260507s9999||||xx |||||||||||||| ||und|| | ||
| 040 | _cfsecg | ||
| 041 | _aara | ||
| 082 | _a600 | ||
| 100 |
_aعلام، محمد نبيل _eمؤلف |
||
| 245 | 0 |
_aمحاسبة المؤسسات الفندقية : _bمنهج علمي لتخطيط و رقابة و قياس الآداء الفندقي / _c محمد نبيل علام |
|
| 260 |
_aالرياض: _bدار المريخ للنشر, _c1992 |
||
| 300 |
_a432 صفحة؛ _bإيضاحات ؛ _c24 سم |
||
| 490 | _aدراسات في المحاسبة | ||
| 504 | _aملاحق ص.409 , مراجع ص.429 | ||
| 520 | _aاساسيات النظام المحاسبي في الفنادق, الانشطة و الوظائف الفندقية الفنية و المعاونة اضافة الى الدفاتر و القيود و الدورات المستندية الفندقية, الجرد و الحسابات الختامية الفندقية و كذا الموازنات التخطيطية الفندقية, الاساليب التحليلية في الفنادق. | ||
| 653 | _aالفنادق - محاسبة | ||
| 653 | _aالمؤسسات الفندقية | ||
| 653 | _aمحاسبة الفنادق | ||
| 942 | _cكتاب | ||
| 999 |
_c45008 _d45008 |
||